Kĩ thuật điện II Giáo trình cao đẳng Sư phạm

Trình bày khái quát về máy điện, máy biến áp, máy điện không đồng bộ và đồng bộ, thiết bị điện gia nhiệt, điện lạnh, điện cơ, lắp đặt mạng điện gia đình

Guardat en:
Dades bibliogràfiques
Autor principal: Trần Minh Sơ
Altres autors: Nguyễn Cao Đằng (b.s)
Format: Llibre
Idioma:Vietnamese
Publicat: H. Đại học Sư phạm 2005
Matèries:
Etiquetes: Afegir etiqueta
Sense etiquetes, Sigues el primer a etiquetar aquest registre!
Thư viện lưu trữ: Mạng thư viện Đại học Đà Nẵng
LEADER 01537nam a2200385 4500
001 000008183
003 4367
005 20111014101008.0
008 111014s2005 viesd
041 0 |a vie 
082 |a 621.31  |b TR-S 
100 0 |a Trần Minh Sơ 
245 0 |a Kĩ thuật điện II  |b Giáo trình cao đẳng Sư phạm  |c Trần Minh Sơ (ch.b.), Nguyễn Cao Đằng 
260 |a H.  |b Đại học Sư phạm  |c 2005 
300 |a 206tr  |c 24cm 
500 |a Đầu bìa sách ghi: Bộ Giáo dục và Đào tạo. Dự án Đào tạo Giáo viên THCS 
504 |a Thư mục: tr. 207 
520 |a Trình bày khái quát về máy điện, máy biến áp, máy điện không đồng bộ và đồng bộ, thiết bị điện gia nhiệt, điện lạnh, điện cơ, lắp đặt mạng điện gia đình 
653 |a Máy điện không đồng bộ 
653 |a Máy điện 
653 |a Máy biến áp 
653 |a Điện gia dụng 
653 |a Điện lạnh 
700 |a Nguyễn Cao Đằng  |e b.s 
910 |a MPhuong  |d 14/10/11 
OWN |a LSP 
AVA |a UDN50  |b LSP  |d 621.31 TR-S  |e available  |t Error 5001 Not defined in file expand_doc_bib_avail.  |f 5  |g 0  |h N  |i 0  |k 1 
999 |a From the UDN01 
AVA |a UDN50  |b LSP  |d 621.31 TR-S  |e available  |t Error 5001 Not defined in file expand_doc_bib_avail.  |f 5  |g 0  |h N  |i 0  |k 1 
TYP |a Monograph 
TYP |a Printed language 
980 |a Mạng thư viện Đại học Đà Nẵng